El cambio de paradigma científico y el Derecho /
El objeto de este trabajo es reflexionar sobre el papel que juega el cambio en la concepción de ciencia natural y social, y dentro de esta última, en el Derecho. Comprender la evolución en la ciencia nos puede ayudar a entender por dónde debería proponerse una reforma en la noción de Derecho, a fin...
Guardat en:
| Autor principal: | |
|---|---|
| Format: | Text |
| Matèries: | |
| Etiquetes: |
Afegir etiqueta
Sense etiquetes, Sigues el primer a etiquetar aquest registre!
|
MARC
| LEADER | 00000 a a2200000 04500 | ||
|---|---|---|---|
| 001 | 14596 | ||
| 003 | |||
| 040 | |||
| 100 | |a Rearte, Martín | ||
| 245 | |a El cambio de paradigma científico y el Derecho / |c Martín Rearte | ||
| 520 | |a El objeto de este trabajo es reflexionar sobre el papel que juega el cambio en la concepción de ciencia natural y social, y dentro de esta última, en el Derecho. Comprender la evolución en la ciencia nos puede ayudar a entender por dónde debería proponerse una reforma en la noción de Derecho, a fin de superar la situación de desfase entre distintas instituciones jurídicas con la realidad sobre la que deben operar | ||
| 650 | |a DERECHO | ||
| 650 | |a CULTURA CIENTIFICA | ||
| 650 | |a EPISTEMOLOGIA | ||
| 650 | |a CIENCIAS SOCIALES | ||
| 773 | |g número 117 -118; páginas 197-210 | ||
| 999 | |c 31740 |d 31740 | ||
| 773 | 0 | |0 18728 |9 3026 |a Universidad de Costa Rica |d San José, Costa Rica Editorial UCR 1956- |o 06546 |t Revista de Ciencias Sociales/ |x 04825276 | |
